[Event "Nachod op"]
[Site "Nachod"]
[Date "2012.07.02"]
[Round "3"]
[White "Tumova, Anna"]
[Black "Holtzmann, Sonny Reimer"]
[Result "1/2-1/2"]
[WhiteElo "1285"]
[BlackElo "1718"]
[PlyCount "31"]
[EventDate "2012.06.30"]
[EventType "swiss"]
[EventRounds "9"]
[EventCountry "CZE"]
[SourceTitle "CBM 149 Extra"]
[Source "ChessBase"]
[SourceDate "2012.08.24"]
[SourceVersion "1"]
[SourceVersionDate "2012.08.24"]
[SourceQuality "1"]

1. f4 d5 2. Nf3 Nf6 3. b3 g6 4. Bb2 Bg7 5. e3 0-0 6. Bd3 c5 7. Qe2 Nc6 8. Nc3 Nb4 9. a3 Nxd3+ 10. Qxd3 Bf5 11. e4 dxe4 12. Qxd8 Rfxd8 13. Ne5 Nd7 14. Nc4 b5 15. Ne3 Be6 16. Rb1 1/2-1/2

[Event "Hradec Kralove op"]
[Site "Hradec Kralove"]
[Date "2012.05.14"]
[Round "3"]
[White "Holtzmann, Sonny Reimer"]
[Black "Splitek, Lubos"]
[Result "0-1"]
[WhiteElo "1718"]
[BlackElo "1780"]
[PlyCount "64"]
[EventDate "2012.05.12"]
[EventType "swiss"]
[EventRounds "9"]
[EventCountry "CZE"]
[SourceTitle "CBM 148 Extra"]
[Source "ChessBase"]
[SourceDate "2012.06.22"]
[SourceVersion "1"]
[SourceVersionDate "2012.06.22"]
[SourceQuality "1"]

1. d4 Nf6 2. c4 g6 3. Nc3 Bg7 4. e4 d6 5. Nf3 0-0 6. h3 e5 7. d5 a5 8. b3 Na6 9. Be3 Nc5 10. Nd2 Nh5 11. Be2 Nf4 12. Bf1 Ncd3+ 13. Bxd3 Nxd3+ 14. Kf1 f5 15. Nf3 Nf4 16. Kg1 h6 17. Ne1 fxe4 18. Nxe4 Nh5 19. f3 Bf5 20. Bf2 Bxe4 21. fxe4 Rf4 22. Qe2 Nf6 23. Nd3 Rxe4 24. Qf3 Qd7 25. g4 Rf8 26. Be3 Rxe3 27. Qxe3 e4 28. Nb2 Nxg4 29. Qe2 Bd4+ 30. Kg2 Rf2+ 31. Qxf2 Nxf2 32. Rhf1 Qxh3+ 0-1

[Event "Budapest FS04 FM-B"]
[Site "Budapest"]
[Date "2012.04.16"]
[Round "9"]
[White "Berta, Sandor Martin"]
[Black "Holtzmann, Sonny Reimer"]
[Result "0-1"]
[WhiteElo "1895"]
[BlackElo "1668"]
[PlyCount "92"]
[EventDate "2012.04.07"]
[EventType "tourn"]
[EventRounds "10"]
[EventCountry "HUN"]
[SourceTitle "CBM 147 Extra"]
[Source "ChessBase"]
[SourceDate "2012.04.24"]
[SourceVersion "1"]
[SourceVersionDate "2012.04.24"]
[SourceQuality "1"]

1. e4 c6 2. d4 d5 3. e5 Bf5 4. h4 h6 5. g4 Bc8 6. h5 e6 7. f4 c5 8. c3 Nd7 9. Nf3 Ne7 10. Be3 Nc6 11. Rh2 Be7 12. Kf2 f6 13. Bd3 Qb6 14. Bg6+ Kd8 15. Kg3 fxe5 16. dxe5 Qc7 17. Na3 a6 18. Nc2 b6 19. Rd2 Bb7 20. Bf7 Nf8 21. c4 d4 22. Bxd4 cxd4 23. Ncxd4 Nxd4 24. Nxd4 Kc8 25. c5 bxc5 26. Rc1 Bd5 27. Nb3 Kb8 28. Rxd5 exd5 29. Bxd5 Ra7 30. Qe1 Qd8 31. Qe4 Rc7 32. e6 Nh7 33. Bc4 Nf6 34. Qf3 Qc8 35. Na5 Rd8 36. Qb3+ Ka7 37. Be2 Rd6 38. Nc4 Rb7 39. Qa3 Rd4 40. Bf3 Rb4 41. Ne5 Ne4+ 42. Kh3 Qxe6 43. Re1 Qf6 44. Rxe4 Rxe4 45. Qa5 Qh4+ 46. Kg2 Rxb2+ 0-1

[Event "Budapest FS04 FM-B"]
[Site "Budapest"]
[Date "2012.04.15"]
[Round "8"]
[White "Holtzmann, Sonny Reimer"]
[Black "Mayer, Istvan"]
[Result "0-1"]
[WhiteElo "1668"]
[BlackElo "2063"]
[PlyCount "66"]
[EventDate "2012.04.07"]
[EventType "tourn"]
[EventRounds "10"]
[EventCountry "HUN"]
[SourceTitle "CBM 147 Extra"]
[Source "ChessBase"]
[SourceDate "2012.04.24"]
[SourceVersion "1"]
[SourceVersionDate "2012.04.24"]
[SourceQuality "1"]

1. d4 d5 2. c4 dxc4 3. e3 a6 4. Bxc4 Nf6 5. Nf3 b5 6. Be2 Bb7 7. a3 e6 8. Nc3 Nbd7 9. 0-0 h6 10. Nd2 c5 11. dxc5 Bxc5 12. b4 Bb6 13. Bf3 Bxf3 14. Nxf3 Qc7 15. Bb2 Rd8 16. Qe2 Ba7 17. Rac1 Qb7 18. Rfd1 0-0 19. Nb1 Nd5 20. Nbd2 N7b6 21. Nd4 Na4 22. Ba1 Rc8 23. Qf3 Rxc1 24. Rxc1 Rc8 25. N2b3 Rc4 26. Rxc4 bxc4 27. Na5 Qc7 28. Ndc6 c3 29. Qd1 Bxe3 30. Qxa4 Bxf2+ 31. Kh1 Bb6 32. Qc2 Qf4 33. Qd1 c2 0-1

[Event "Budapest FS04 FM-B"]
[Site "Budapest"]
[Date "2012.04.10"]
[Round "4"]
[White "Holtzmann, Sonny Reimer"]
[Black "Berta, Sandor Martin"]
[Result "1-0"]
[WhiteElo "1668"]
[BlackElo "1895"]
[PlyCount "113"]
[EventDate "2012.04.07"]
[EventType "tourn"]
[EventRounds "10"]
[EventCountry "HUN"]
[SourceTitle "CBM 147 Extra"]
[Source "ChessBase"]
[SourceDate "2012.04.24"]
[SourceVersion "1"]
[SourceVersionDate "2012.04.24"]
[SourceQuality "1"]

1. d4 c5 2. d5 e6 3. c4 Nf6 4. Nc3 d6 5. Nf3 exd5 6. cxd5 g6 7. Nd2 Bg7 8. Nc4 0-0 9. Bf4 Ne8 10. e4 Qe7 11. Bd3 Bd7 12. a4 Na6 13. 0-0 Nb4 14. Bb1 Rb8 15. Qd2 b6 16. Re1 f6 17. Ra3 a6 18. Na2 b5 19. axb5 Nxa2 20. Rxa2 axb5 21. Ne3 Bc8 22. Bc2 h5 23. f3 h4 24. h3 g5 25. Bh2 f5 26. Nxf5 Bxf5 27. exf5 Bd4+ 28. Kf1 Qg7 29. Be4 Rd8 30. Rea1 Rf7 31. Ra8 Rxa8 32. Rxa8 Rf8 33. b3 c4 34. bxc4 bxc4 35. Rd8 Bc5 36. Ra8 Nc7 37. Rxf8+ Kxf8 38. Qd1 Nb5 39. Bg1 Bb4 40. Be3 Nc3 41. Qd4 Qxd4 42. Bxd4 Nxe4 43. fxe4 c3 44. Ke2 c2 45. Bb2 Bc3 46. Bc1 Bf6 47. Kd3 Ke8 48. Kxc2 Kd7 49. Bb2 Bd8 50. Kd3 Ke7 51. Ke2 Ba5 52. Ba3 Bc3 53. Kd3 Be5 54. Bb4 Kf6 55. Ba5 Ke7 56. Kc4 Bf6 57. Bd2 1-0

[Event "Budapest FS04 FM-B"]
[Site "Budapest"]
[Date "2012.04.07"]
[Round "1"]
[White "Schmidt, Wolfgang"]
[Black "Holtzmann, Sonny Reimer"]
[Result "0-1"]
[WhiteElo "2249"]
[BlackElo "1668"]
[PlyCount "46"]
[EventDate "2012.04.07"]
[EventType "tourn"]
[EventRounds "10"]
[EventCountry "HUN"]
[SourceTitle "CBM 147 Extra"]
[Source "ChessBase"]
[SourceDate "2012.04.24"]
[SourceVersion "1"]
[SourceVersionDate "2012.04.24"]
[SourceQuality "1"]

1. d4 Nf6 2. c4 e6 3. Nc3 d5 4. e3 b6 5. Bd3 dxc4 6. Bxc4 Bb7 7. Nf3 Be7 8. Bd3 0-0 9. 0-0 c5 10. a4 Nc6 11. Be2 cxd4 12. Nxd4 Nxd4 13. Qxd4 Qxd4 14. exd4 Rfd8 15. Rd1 Nd5 16. Nxd5 Bxd5 17. Bd2 Bb3 18. Rdc1 Rxd4 19. Be3 Rxa4 20. Rab1 Bf6 21. Rc7 g6 22. g4 Ra2 23. Rd1 Bxd1 0-1

[Event "Nachod op 9th"]
[Site "Nachod"]
[Date "2011.07.09"]
[Round "8"]
[White "Drasnar, Pavel"]
[Black "Holtzmann, Sonny Reimer"]
[Result "1/2-1/2"]
[WhiteElo "1675"]
[BlackElo "1650"]
[PlyCount "48"]
[EventDate "2011.07.02"]
[EventType "swiss"]
[EventRounds "9"]
[EventCountry "CZE"]
[SourceTitle "EXT 2012"]
[Source "ChessBase"]
[SourceDate "2011.11.24"]
[SourceVersion "1"]
[SourceVersionDate "2011.11.24"]
[SourceQuality "1"]

1. e4 c6 2. d4 d5 3. exd5 cxd5 4. c3 Nf6 5. Nf3 Bg4 6. Be2 e6 7. Ne5 Bxe2 8. Qxe2 a6 9. Nd2 Nbd7 10. Ndf3 Be7 11. 0-0 Nxe5 12. Nxe5 0-0 13. Bg5 Ne4 14. Bxe7 Qxe7 15. f3 Nd6 16. Rfe1 Rac8 17. Rac1 b5 18. a4 Nc4 19. axb5 axb5 20. Nd3 Ra8 21. Ra1 Ra7 22. Nb4 Rxa1 23. Rxa1 Qg5 24. Nd3 h5 1/2-1/2

[Event "Nachod op 9th"]
[Site "Nachod"]
[Date "2011.07.03"]
[Round "2.44"]
[White "Zizka, Jan"]
[Black "Holtzmann, Sonny Reimer"]
[Result "1/2-1/2"]
[WhiteElo "1896"]
[BlackElo "1650"]
[PlyCount "87"]
[EventDate "2011.07.02"]
[EventType "swiss"]
[EventRounds "9"]
[EventCountry "CZE"]
[SourceTitle "EXT 2012"]
[Source "ChessBase"]
[SourceDate "2011.11.24"]
[SourceVersion "1"]
[SourceVersionDate "2011.11.24"]
[SourceQuality "1"]

1. e4 c6 2. d3 e5 3. Nf3 d5 4. Nbd2 Bd6 5. g3 Nf6 6. Bg2 Bg4 7. 0-0 Nbd7 8. Re1 0-0 9. c3 Re8 10. Qc2 Qc7 11. Nf1 Rad8 12. Ne3 Bh5 13. Nf5 Bf8 14. Bg5 Bg6 15. Bh3 h6 16. Be3 dxe4 17. dxe4 Nc5 18. Bxc5 Bxc5 19. N3h4 Bh7 20. Rad1 Qb6 21. b4 Bf8 22. Bg2 a5 23. bxa5 Qxa5 24. Ne3 Ra8 25. Rd2 b5 26. Nhf5 Red8 27. Red1 Bc5 28. Kf1 Kf8 29. Ke2 h5 30. h3 g6 31. Nh4 Rxd2+ 32. Rxd2 Rd8 33. Nf3 Rxd2+ 34. Nxd2 Qc7 35. Nd1 Nd7 36. Nb3 Bb6 37. Qd2 Kg7 38. f4 f6 39. Nb2 Bg8 40. h4 Nc5 41. Nxc5 Bxc5 42. a4 Qd6 43. Qxd6 Bxd6 44. axb5 1/2-1/2

[Event "Nachod op 9th"]
[Site "Nachod"]
[Date "2011.07.02"]
[Round "1.40"]
[White "Holtzmann, Sonny Reimer"]
[Black "Machan, Jan"]
[Result "0-1"]
[WhiteElo "1650"]
[BlackElo "2012"]
[PlyCount "99"]
[EventDate "2011.07.02"]
[EventType "swiss"]
[EventRounds "9"]
[EventCountry "CZE"]
[SourceTitle "EXT 2012"]
[Source "ChessBase"]
[SourceDate "2011.11.24"]
[SourceVersion "1"]
[SourceVersionDate "2011.11.24"]
[SourceQuality "1"]

1. d4 Nf6 2. Nf3 e6 3. Bf4 b6 4. Nbd2 Bb7 5. e3 Be7 6. Bd3 d6 7. h3 Nbd7 8. Qe2 Nd5 9. c3 Nxf4 10. exf4 Nf6 11. 0-0 Nd5 12. g3 g6 13. Bb5+ c6 14. Ba6 Bxa6 15. Qxa6 0-0 16. Qe2 Bf6 17. Ne4 Bg7 18. Kg2 Qc7 19. Rad1 Rfd8 20. h4 h5 21. Rfe1 Rac8 22. Neg5 Qb7 23. Rd2 b5 24. a3 a5 25. Nh2 c5 26. Qe4 cxd4 27. cxd4 Rc4 28. Ngf3 Qc6 29. Nf1 Nb6 30. Qxc6 Rxc6 31. Ne3 d5 32. Ne5 Rc7 33. Ree2 Rdc8 34. Rc2 Nc4 35. Rc3 Bf8 36. Kh3 Bd6 37. Rc1 Nxe3 38. Rxc7 Rxc7 39. fxe3 Bxe5 40. fxe5 b4 41. axb4 axb4 42. Kg2 Kg7 43. Kf3 Rc4 44. Rd2 f6 45. exf6+ Kxf6 46. g4 e5 47. gxh5 gxh5 48. Kg3 Kf5 49. Kf3 Rc1 50. b3 0-1

[Event "Copenhagen Challenge"]
[Site "Ballerup"]
[Date "2011.05.20"]
[Round "4"]
[White "Andreasen, Rene"]
[Black "Holtzmann, Sonny Reimer"]
[Result "0-1"]
[WhiteElo "1847"]
[BlackElo "1659"]
[PlyCount "78"]
[EventDate "2011.05.18"]
[EventType "swiss"]
[EventRounds "9"]
[EventCountry "DEN"]
[SourceTitle "EXT 2018"]
[Source "ChessBase"]
[SourceDate "2017.10.13"]
[SourceVersion "1"]
[SourceVersionDate "2017.10.13"]
[SourceQuality "1"]

1. d4 Nf6 2. Nd2 d5 3. Ngf3 e6 4. e3 c5 5. c3 Nc6 6. Bd3 Bd6 7. 0-0 0-0 8. Qe2 Re8 9. dxc5 Bxc5 10. e4 e5 11. Rd1 d4 12. Nb3 Bb6 13. Bd2 Bg4 14. h3 Bh5 15. g4 Bg6 16. Bg5 Qd6 17. Nh4 Rad8 18. Nf5 Bxf5 19. gxf5 Rd7 20. Kh1 Rc8 21. c4 Nb4 22. a3 Nxd3 23. Qxd3 Nh5 24. Rac1 a5 25. Rc2 a4 26. Nc1 Bd8 27. Bxd8 Rcxd8 28. Ne2 Qh6 29. Qd2 Rd6 30. Qxh6 Rxh6 31. Rcd2 Nf6 32. Ng3 Rxh3+ 33. Kg2 Rh4 34. f3 Rc8 35. Rc1 Rc6 36. Rd3 Nd7 37. b4 axb3 38. Rxb3 Nc5 39. a4 Nxb3 0-1

[Event "Copenhagen Challenge"]
[Site "Ballerup"]
[Date "2011.05.18"]
[Round "1"]
[White "Eriksson, Christian Altenburg"]
[Black "Holtzmann, Sonny Reimer"]
[Result "1/2-1/2"]
[WhiteElo "2139"]
[BlackElo "1659"]
[PlyCount "124"]
[EventDate "2011.05.18"]
[EventType "swiss"]
[EventRounds "9"]
[EventCountry "DEN"]
[SourceTitle "EXT 2018"]
[Source "ChessBase"]
[SourceDate "2017.10.13"]
[SourceVersion "1"]
[SourceVersionDate "2017.10.13"]
[SourceQuality "1"]

1. e4 c6 2. d4 d5 3. e5 Bf5 4. Nf3 e6 5. Be2 Ne7 6. 0-0 Nd7 7. Nh4 Qc7 8. Be3 Bg6 9. c3 Nf5 10. Nxg6 hxg6 11. g3 Be7 12. Qd2 f6 13. f4 Nxe3 14. Qxe3 f5 15. Nd2 c5 16. Nf3 c4 17. b4 a5 18. a3 0-0 19. Qd2 Nb6 20. Kg2 Ra7 21. Rfb1 axb4 22. axb4 Rfa8 23. Rxa7 Rxa7 24. Bd1 Qc6 25. Rb2 Nd7 26. Ra2 Rxa2 27. Qxa2 Qa6 28. Qxa6 bxa6 29. Ba4 Nb6 30. Bc6 Kf7 31. Kf2 Bd8 32. Ke2 Ke7 33. Kd2 Nd7 34. Nh4 Nf8 35. Kc2 a5 36. Nf3 axb4 37. cxb4 Bb6 38. Kc3 Kd8 39. Nh4 Ke7 40. h3 Kd8 41. Nf3 Kc8 42. Ng5 Bd8 43. Nf7 Be7 44. h4 Kc7 45. Bb5 Kb6 46. Be8 Kc7 47. Nh8 Kd8 48. Bf7 Kd7 49. Nxg6 Nxg6 50. Bxg6 Bd8 51. Bh5 Bb6 52. Bd1 Ke7 53. g4 Kf7 54. gxf5 exf5 55. h5 Bd8 56. Ba4 Bh4 57. b5 Be1+ 58. Kb2 Ba5 59. Bc2 Ke6 60. Ba4 Bb6 61. Kc3 Ba5+ 62. Kc2 Bb6 1/2-1/2

[Event "Taastrup op"]
[Site "Taastrup"]
[Date "2001.02.10"]
[Round "8"]
[White "Lauritsen, Martin Lee"]
[Black "Holtzmann, Sonny Reimer"]
[Result "0-1"]
[WhiteElo "1166"]
[BlackElo "1665"]
[PlyCount "128"]
[EventDate "2001.01.19"]
[EventType "swiss"]
[EventRounds "9"]
[EventCountry "DEN"]
[SourceTitle "EXT 2018"]
[Source "ChessBase"]
[SourceDate "2017.10.13"]
[SourceVersion "1"]
[SourceVersionDate "2017.10.13"]
[SourceQuality "1"]

1. e4 Nf6 2. e5 Nd5 3. c4 Nb6 4. Nc3 d6 5. exd6 cxd6 6. d3 g6 7. g3 Bg7 8. Nge2 Bg4 9. Bg2 Qc8 10. h3 Bd7 11. Be3 Bc6 12. Nd5 N8d7 13. 0-0 e6 14. Nxb6 Nxb6 15. Bxb6 Bxg2 16. Kxg2 Qc6+ 17. Kh2 Qxb6 18. Rb1 0-0 19. Qd2 Rfd8 20. b4 Qc7 21. Rfc1 Qd7 22. h4 h5 23. d4 Kh7 24. Qd3 e5 25. d5 f5 26. f4 e4 27. Qe3 b6 28. Nd4 Bxd4 29. Qxd4 Qg7 30. Qxg7+ Kxg7 31. Kg2 a5 32. Rc2 Rab8 33. Kf2 Kf6 34. a4 Rdc8 35. Ke3 Ke7 36. Kd4 Kd7 37. Rcb2 Kc7 38. bxa5 bxa5 39. Rb5 Re8 40. c5 Rxb5 41. cxd6+ Kxd6 42. Rxb5 e3 43. Rb6+ Kc7 44. Rb1 e2 45. Re1 Kd6 46. Kc4 Re4+ 47. Kb5 Kxd5 48. Kxa5 Kd4 49. Kb6 Ke3 50. a5 Kf2 51. a6 Kxe1 52. a7 Ra4 53. Kb7 Kf2 54. g4 hxg4 55. h5 Rxa7+ 56. Kxa7 gxh5 57. Kb6 e1Q 58. Kc5 Qe4 59. Kb5 Qd4 60. Kc6 g3 61. Kb5 g2 62. Kc6 g1Q 63. Kb5 Qb1+ 64. Ka5 Qda1# 0-1

[Event "Taastrup op"]
[Site "Taastrup"]
[Date "2001.01.27"]
[Round "4"]
[White "Holtzmann, Sonny Reimer"]
[Black "Rosenkilde, Alexander"]
[Result "1-0"]
[WhiteElo "1665"]
[BlackElo "1195"]
[PlyCount "91"]
[EventDate "2001.01.19"]
[EventType "swiss"]
[EventRounds "9"]
[EventCountry "DEN"]
[SourceTitle "EXT 2018"]
[Source "ChessBase"]
[SourceDate "2017.10.13"]
[SourceVersion "1"]
[SourceVersionDate "2017.10.13"]
[SourceQuality "1"]

1. e4 c5 2. c3 Nf6 3. e5 Nd5 4. d4 cxd4 5. cxd4 e6 6. Bc4 Nb6 7. Bb3 Be7 8. Nf3 0-0 9. Nc3 f6 10. 0-0 fxe5 11. dxe5 d6 12. exd6 Qxd6 13. Qxd6 Bxd6 14. Nb5 Bxh2+ 15. Kxh2 Nc6 16. Nc7 Rb8 17. Nxe6 Bxe6 18. Bxe6+ Kh8 19. Bb3 Rf6 20. Be3 Rbf8 21. Rad1 Ne7 22. Bc5 Re8 23. Bxe7 Rh6+ 24. Kg1 Rh5 25. Rd8 Rxd8 26. Bxd8 h6 27. Bxb6 axb6 28. Re1 Rc5 29. Nd4 Rc8 30. Re7 Rc1+ 31. Kh2 Rc8 32. Ne6 Rg8 33. Rxb7 b5 34. Rxb5 Re8 35. Rb7 Rg8 36. a4 h5 37. Rd7 h4 38. Rd8 Rxd8 39. Nxd8 g5 40. a5 Kg7 41. a6 Kg6 42. a7 Kh5 43. a8Q h3 44. Qf3+ g4 45. Qf5+ Kh4 46. g3# 1-0